| 000 | 01072cam a22002771i 4500 | ||
|---|---|---|---|
| 003 | SA-RiAUC | ||
| 005 | 20250521091930.0 | ||
| 008 | 250422s2005 le g 000 0 ara c | ||
| 020 | _a9953446857 | ||
| 040 |
_aSA-MaUQU _bara _cSA-RiAUC _erda |
||
| 082 | 0 | 4 | _a256 |
| 090 |
_a256 _b ج و ا |
||
| 100 | 1 |
_aجواد، علي أحمد _eمؤلف. |
|
| 245 | 1 | 0 |
_aأحكام الأسرى في الفقه الإسلامي والقانون الوضعي : _bملحقا باتفاقية جنيف / _cتأليف علي أحمد جواد. |
| 246 | 3 | 0 | _aاتفاقية جنيف |
| 250 | _aالطبعة الأولى. | ||
| 264 | 1 |
_aبيروت : _bدار المعرفة، _c2005 |
|
| 300 |
_a303 صفحة ؛ _c24 سم |
||
| 336 |
_aنص _btxt _2rdacontent _3كتاب |
||
| 337 |
_aبدون وسيط _bn _2rdamedia |
||
| 338 |
_aمجلد _bnc _2rdacarrier |
||
| 650 | 7 |
_aأسرى الحرب (فقه إسلامي) _2aucsh |
|
| 650 | 7 |
_aأسرى الحرب _xوضع قانوني، قوانين، إلخ _2aucsh |
|
| 942 |
_2ddc _cBOOK _n0 |
||
| 949 |
_aSA-JeALM _d250422 _uosman123 _n1 |
||
| 999 |
_c8216 _d8216 |
||